|
|
|
|
| LEADER |
00945nam a22002417a 4500 |
| 001 |
41281 |
| 003 |
BD-DhAAL |
| 008 |
230530t1999 nyu||||| |||| 00| 0 eng d |
| 040 |
|
|
|a BD-DhAAL
|c BD-DhAAL
|
| 041 |
|
|
|a ben
|
| 082 |
|
|
|a 338.9
|2 23
|
| 110 |
|
|
|a United Nations Conference on Trade and Development (UNCTAD).
|9 54413
|
| 245 |
|
|
|a Future multilateral trade negotiations :
|b handbook for trade negotiators from least developed countries.
|
| 260 |
|
|
|a New York :
|b United Nations,
|c 1999.
|
| 300 |
|
|
|a 284 pages ;
|c 22 cm.
|
| 541 |
|
|
|a Donated By Akbar Ali Khan
|e 41281
|
| 650 |
|
|
|a Economic development.
|
| 650 |
|
|
|a Foreign trade regulation.
|
| 650 |
|
|
|a Economics.
|
| 852 |
|
|
|a Ayesha Abed Library
|c Akbar Ali Khan Collection
|
| 942 |
|
|
|2 ddc
|c BK
|
| 999 |
|
|
|c 45820
|d 45820
|
| 952 |
|
|
|0 0
|1 0
|2 ddc
|4 0
|6 338_900000000000000_FUT
|7 1
|9 73700
|a BRACUL
|b BRACUL
|c AAKC
|d 2023-05-30
|e Donated By Akbar Ali Khan
|l 0
|o 338.9 FUT
|p 3010041281
|r 2023-05-30
|t 1
|w 2023-05-30
|y BK
|